| 000 | 00867cam a2200301 4500 | ||
|---|---|---|---|
| 008 | 090401t1998 xxu||||| |||| 00| 0 eng d | ||
| 020 | _a0333693140 | ||
| 035 | _a(Sirsi) u80857 | ||
| 041 | _aeng | ||
| 050 | _a332.6324 | ||
| 100 | _aIsaac, David | ||
| 245 | _aProperty investment | ||
| 260 |
_aBasingstoke, Hampshire _bMacmillan Press Ltd. _c1998 |
||
| 300 | _axiv, 316p. ; 24cm. | ||
| 350 | _a17.99 | ||
| 490 | _aMacmillan Building and Surveying Series | ||
| 650 | _aCAPITAL APPRAISAL | ||
| 650 | _aDISCOUNTED CASH FLOW | ||
| 650 | _aINVESTMENT PERFORMANCE | ||
| 650 | _aINVESTMENT RISK | ||
| 650 | _aPROPERTY APPRAISAL | ||
| 650 | _aPROPERTY CYCLES | ||
| 650 | _aPROPERTY INVESTMENT | ||
| 650 | _aPROPERTY MARKETS | ||
| 690 | _aPROPERTY-COMMERCIAL PROPERTY-COMMERCIAL PROPERTY FINANCE AND INVESTMENT | ||
| 942 | _n0 | ||
| 948 | _c12/09/1997 | ||
| 999 |
_c96637 _d96637 |
||